000 00798na a2200265 4500
001 23847
003 MIRAKIL
005 20181213155314.0
008 180105b tu 000 0
020 _a9789751959683
040 _aMilas
_btur
_cTR-AnCHP
041 _atur
082 _a819.11
_bE76d 2014
090 _a819.11 E76d 2014
100 _aEşrefoğlu Rumi
_d1353-1469
245 _aDivan-ı ilahiyat
_cEşrefoğlu Rumi
260 _aAnkara
_bDiyanet İşleri Başkanlığı (DİB)
_c2014
_fAcar basım ve cilt san.
300 _a239 s.
_c17
440 _aDiyanet İşleri Başkanlığı Yayınları
_v1003
490 _aEdebi eserler
_v32
504 _aKaynakça var.
650 _aEdebiyat
_xDivan şiiri
710 _aDiyanet İşleri Başkanlığı (DİB)
942 _2ddc
_cBKS
999 _c10310
_d10310